00428nam a2200157Ia 450000500170000000800410001702000150005805000240007310000210009724500550011826000350017330000420020844000060025052100070025652600070026320140319133157.0140130s9999 xx 000 0 und d a0590458132 aPZ 8.2b.B13Bl 1992 aBackstein, Karen cBackstein, KarenaThe blind men and the elephant / bScholastic,c1992.aNew York : a1 v. (unpaged) :bcol. ill. ;c22 cm. v1 aBR cBR